• 首页
  • 本馆介绍
  • 公告通知
  • 最新文献
  • 馆藏检索
  • 电子资源
  • 读者导购
  • 参考咨询
  • 我的图书馆
  • 登录
  • 详细信息显示
  • 放入我的书架
  • 预约/预借图书
  • 作者相关作品
  • 分类相关作品
  • 丛书相关作品
  • 出版社相关作品

书目信息

  • 表格格式
  • 工作单格式
  • 卡片格式
题名:
一位哲人的目光
    
 
作者: 任继愈 著 ;陈志明 编
分册:  
出版信息: 北京   九州出版社  2017
页数: 360页
开本: 24cm
丛书名:
单 册:
中图分类: B262.5
科图分类:
主题词: 哲学家--访问记--中国--现代
电子资源:
ISBN: 978-7-5108-4868-1
000 01190nam0 2200277 450
001 495
005 20180520221937.86
010    @a978-7-5108-4868-1@dCNY48.00
100    @a20170328d2017 em y0chiy50 ea
101 0  @achi
102    @aCN@b110000
105    @ay z 000yd
200 1  @a一位哲人的目光@9yi wei zhe ren de mu guang@e任继愈谈话录@f任继愈著@g陈志明编
210    @a北京@c九州出版社@d2017
215    @a360页@d24cm
300    @a大家访谈录
314    @a任继愈 (1916-2009),男,著名哲学家、宗教学家、历史学家。著有《中国哲学史论》、《汉唐佛教思想论集》等。
330    @a本书汇集了任继愈先生生前最重要的对话和访谈文章,从中我们不仅可以体味这位“誓做中国一流学者”的老人的睿智哲思,更能领略到他的治学、研究以及做人的态度。内容包括:谈中国传统文化——儒教;不研究神学,就写不好哲学史;古代哲学与近现代哲学;哲学是一个民族的文化灵魂所系;哲学并不是纯思维的东西等。
517 1  @a任继愈谈话录@9ren ji yu tan hua lu
600  0 @a任继愈@f(1916-2009)@x访问记
606 0  @a哲学家@x访问记@y中国@z现代
690    @aB262.5@v4
701  0 @a任继愈@9ren ji yu@f(1916-2009)@4著
702  0 @a陈志明@9chen zhi ming@4编
801  0 @aCN@b91MARC@c20170328
905    @aMuseLib@dB262.5@e112
    
    一位哲人的目光:任继愈谈话录/任继愈著/陈志明编.-北京:九州出版社,2017
    360页;24cm
    大家访谈录
    
    ISBN 978-7-5108-4868-1:CNY48.00
    本书汇集了任继愈先生生前最重要的对话和访谈文章,从中我们不仅可以体味这位“誓做中国一流学者”的老人的睿智哲思,更能领略到他的治学、研究以及做人的态度。内容包括:谈中国传统文化——儒教;不研究神学,就写不好哲学史;古代哲学与近现代哲学;哲学是一个民族的文化灵魂所系;哲学并不是纯思维的东西等。
●
相关链接 在E读中查询图书 在五车中查询图书 在当当中查询图书 在豆瓣中查询图书


正题名:一位哲人的目光     索取号:B262.5/112         预约/预借

序号 登录号 条形码 馆藏地/架位号 状态 备注
1 1102908   211029082   第一样本阅览室/ [索取号:B262.5/112] 在馆    
2 1102909   211029091   教育系资料室/ [索取号:B262.5/112] 在馆    
3 1102910   211029108   教育系资料室/ [索取号:B262.5/112] 在馆    
4 1102911   211029117   教育系资料室/ [索取号:B262.5/112] 在馆    
5 1102912   211029126   第一借阅区/ [索取号:B262.5/112] 在馆    
6 1102913   211029135   第一借阅区/ [索取号:B262.5/112] 在馆    
唐山师范学院图书馆 欢迎您!
大连网信软件有限公司© 版权所有